Cuba-cuba Ebook /

Bibliographic Details
Main Author: Iskandar Ab Rashid
Format: Book
Published: Kuala Lumpur: Venton Publishing, 2010.
Subjects:
LEADER 00484cam a2200181 7i4500
001 0000019924
005 20151104090000.0
005 ##20151104122800.0
003 ##MY-KlINT
020 # # |a 9789673700387  
039 # 9 |y 201511041228  |z VLOAD 
090 0 0 |a 070.5797   |b ISK 
100 1 # |a Iskandar Ab Rashid 
245 1 0 |a Cuba-cuba Ebook /   |c Iskandar Ab Rashid. 
260 # # |a Kuala Lumpur:   |b Venton Publishing,   |c 2010. 
300 # # |a 122p.;   |c 23cm. 
650 # 0 |a Electronic books  
650 # 0 |a Electronic publishing